| 000 | 00389nam a22001577a 4500 | ||
|---|---|---|---|
| 003 | macl | ||
| 005 | 20210226131139.0 | ||
| 008 | 210226b xxu||||| |||| 00| 0 eng d | ||
| 040 | _cmacl | ||
| 082 | _a004 | ||
| 100 |
_amis.Manish _980915 |
||
| 245 | _alitroduction to computer science | ||
| 260 |
_adelhi _bRishabh books _c2016 |
||
| 650 |
_acompueter science _980916 |
||
| 942 |
_2ddc _cBK |
||
| 999 |
_c64132 _d64132 |
||